ბათუმის შოთა რუსთაველის სახელმწიფო უნივერსიტეტის ბიბლიოთეკა

ბავშვის აღზრდის ქართული ხალხური ტრადიციები / (ბიბ.ჩანაწერი № 34831)

000 -ლიდერი
ფიქსირებული სიგრძის საკონტროლო ველი 01068nam a2200241Ia 4500
001 - საკონტროლო ნომერი
საკონტროლო ველი 642
003 - საკონტროლო ნომრის იდენტიფიკატორი
საკონტროლო ველი GE_BSU
005 - ბოლო ოპერაციის თარიღი და დრო
საკონტროლო ველი 20220921101743.0
008 - ფიქსირებული სიგრძის მონაცემთა ელემენტები - ზოგადი ინფორმაცია
ფიქსირებული სიგრძის საკონტროლო ველი 181216s1994||||ge |||||||||||||| ||geo||
020 ## - წიგნის საერთაშორისო სტანდარტული ნომერი
International Standard Book Number 5520015627
040 ## - კატალოგიზაციის წყარო
Transcribing agency GE_BSU
041 ## - ენის კოდი
Language code of text/sound track or separate title geo
080 ## - უნივერსალური ათობითი კლასიფიკაციის ინდექსი
Universal Decimal Classification number 37.04(=353.1) კ–24
100 ## - მთავარი ჩანაწერი - პიროვნების სახელი
Personal name კაპანაძე, ნათელა
9 (RLIN) 14650
245 ## - ცნობა სათაურის შესახებ
Title ბავშვის აღზრდის ქართული ხალხური ტრადიციები /
Statement of responsibility, etc [რედ.: ვ. ითონიშვილი] ; საქ. მეცნ. აკად., ისტორიისა და ეთნ. ინ-ტი.
264 ## - წარმოების, გამოცემის, დისტრიბუციის და სხვა ცნობები
გამოცემის, წარმოების, დისტრიბუციის... ადგილი თბილისი :
გამოცემის, წარმოების, დისტრიბუციის... სახელწოდება მეცნიერება,
გამოცემის, წარმოების, დისტრიბუციის... თარიღი 1994.
300 ## - ფიზიკური აღწერა
Extent 130 გვ.;
Other physical details 20 სმ.
520 ## - SUMMARY, ETC.
Summary, etc რეზ. რუს. ენ.
653 ## - INDEX TERM--UNCONTROLLED
Uncontrolled term ბავშვის აღზრდა
653 ## - INDEX TERM--UNCONTROLLED
Uncontrolled term ქართული ხალხური ტრადიციები.
700 ## - ADDED ENTRY--PERSONAL NAME
Personal name ითონიშვილი, ვ.
Relator term რედაქტორი
9 (RLIN) 3884
942 ## - ADDED ENTRY ELEMENTS (KOHA)
Koha item type წიგნი
Source of classification or shelving scheme
ეგზემპლარები
ჩამოწერის სტატუსი დაკარგული ეგზემპლარის სტატუსი კლასიფიკაციის წყარო ან თაროზე გაწყობის სქემა დაზიანების სტატუსი არ გაიცემა მუდმივი მდებარეობა (დაცვის ადგილი) ამჟამინდელი ადგილსამყოფელი თაროზე განთავსების ადგილი შეძენის თარიღი ღირებულება, შესყიდვის ნორმალური ფასი სრული შენახვის შიფრი შტრიხკოდი ბოლო ოპერაციის თარიღი ეგზემპლარის მიმდევრობითი ნომერი (კეტერი?) ფასის ძალაში შესვლის თარიღი ეგზემპლარის სახეობა საჯარო შენიშვნა
          ბათუმის შოთა რუსთაველის სახელმწიფო უნივერსიტეტის მთავარი ბიბლიოთეკა ბათუმის შოთა რუსთაველის სახელმწიფო უნივერსიტეტის მთავარი ბიბლიოთეკა წიგნსაცავი 2018-12-17 5.00 37.04(=353.1) კ–24 1538 2018-12-17 1538 2018-12-17 წიგნი 5 ლ.